000 00621nam a2200145Ia 4500
008 151213s9999 xx 000 0 und d
100 _aহযরত মাও: আশরাফ আলী থানবী র:।
245 _a¦েবহেশতী জেওর
_cহযরত মাও: আশরাফ আলী থানবী র:।
260 _aঢাকা
_bআফতাবীয়া লাইব্রেরী।
_c2006
300 _a10993 p.
650 _aBangla
650 _aইসলামী বই
700 _aহযরত মাও: আশরাফ আলী থানবী র:।
999 _c4965
_d4965